=LDR 00000nam 2200000 4500 =001 INLIS000000000050412 =005 20170504090224 =035 ##$$a 0010-0517000065 =007 ta =008 170504###########################0###### =020 ##$$a 978-602-1622-23-0 =082 ##$$a 639.31 =084 ##$$a 639.31 PUS b =100 #$$a Puspita =245 1#$$a Budidaya Patin cepat panen /$c Puspita RM dan Ahmad Wiyono =250 ##$$a Cet.1 =260 ##$$a Depok :$b Infra Pustaka,$c 2014 =300 ##$$a 152 hlm. : $b Ilus ; $c 23 cm. =650 ##$$a Patin, Budidaya =990 ##$$a 77587758 =990 ##$$a 77587758 =990 ##$$a 31700791 =990 ##$$a 02201707758 =990 ##$$a 31700792 =990 ##$$a 31700791